Checklist of the coleopterous insects of Mexico, Central America, the West Indies, and South America. /
Guardado en:
| Autor Principal: | |
|---|---|
| Autor Corporativo: | |
| Formato: | Libro |
| Idioma: | Undetermined |
| Publicado: |
Washington :
United States Government Printing Office,
1944-1957.
|
| Series: | United States National Museum. ;
Bulletin 185 |
| Etiquetas: |
Agregar Etiqueta
Sin Etiquetas, Sea el primero en etiquetar este registro!
|
| LEADER | 00928nam a22001935a 4500 | ||
|---|---|---|---|
| 001 | EEA.libagro009934 | ||
| 005 | 20180615105657.0 | ||
| 008 | 140626m19441957xx############000#0#und#d | ||
| 100 | 1 | |a Blackwelder, Richard E. | |
| 245 | 1 | 0 | |a Checklist of the coleopterous insects of Mexico, Central America, the West Indies, and South America. / |c compiled by Richard E. Blackwelder. |
| 260 | |a Washington : |b United States Government Printing Office, |c 1944-1957. | ||
| 300 | |a 6 pts. ; |c 25 cm. | ||
| 490 | 1 | |a United States National Museum. ; |v Bulletin 185 | |
| 500 | |a La biblioteca posee parte 1, 4, 5 y 6. | ||
| 710 | 2 | |a United States Government Printing Office. | |
| 859 | |a AR-BbBCA |b BIB. AGRONOMIA |h 595.76 |i B632 |p 1997/2885 |v Pt.1 |3 1 | ||
| 859 | |a AR-BbBCA |b BIB. AGRONOMIA |h 595.76 |i B632 |p 1997/2886 |v Pt.4 |3 4 | ||
| 859 | |a AR-BbBCA |b BIB. AGRONOMIA |h 595.76 |i B632 |p 1997/2887 |v Pt.5 |3 5 | ||
| 859 | |a AR-BbBCA |b BIB. AGRONOMIA |h 595.76 |i B632 |p 1998/3226 |v Pt.6 |3 6 | ||
